<?xml version="1.0" encoding="UTF-8"?>
<collection xmlns="http://www.loc.gov/MARC21/slim">
 <record>
  <leader>01684aam a22002418a 4500</leader>
  <controlfield tag="001">NCT_8310</controlfield>
  <controlfield tag="008">091001s2009                  ||||||viesd</controlfield>
  <datafield tag="999" ind1=" " ind2=" ">
   <subfield code="c">420</subfield>
   <subfield code="d">420</subfield>
  </datafield>
  <datafield tag="020" ind1=" " ind2=" ">
   <subfield code="c">68000</subfield>
  </datafield>
  <datafield tag="082" ind1="0" ind2="4">
   <subfield code="2">23rd ed.</subfield>
   <subfield code="a">629.8</subfield>
   <subfield code="b">Ng450/Q.3</subfield>
  </datafield>
  <datafield tag="100" ind1="1" ind2=" ">
   <subfield code="a">Nguyễn Thương Ngô</subfield>
  </datafield>
  <datafield tag="245" ind1="1" ind2="0">
   <subfield code="a">Lý thuyết điều khiển tự động thông thường và hiện đại</subfield>
   <subfield code="n">Quyển 3</subfield>
   <subfield code="p">Hệ phi tuyến - Hệ ngẫu nhiên</subfield>
   <subfield code="c">Nguyễn Thương Ngô</subfield>
  </datafield>
  <datafield tag="250" ind1=" " ind2=" ">
   <subfield code="a">In lần thứ 3, có chỉnh sửa</subfield>
  </datafield>
  <datafield tag="260" ind1=" " ind2=" ">
   <subfield code="a">H.</subfield>
   <subfield code="b">Khoa học và Kỹ thuật</subfield>
   <subfield code="c">2009</subfield>
  </datafield>
  <datafield tag="300" ind1=" " ind2=" ">
   <subfield code="a">389tr.</subfield>
   <subfield code="b">hình vẽ, bảng</subfield>
   <subfield code="c">24cm</subfield>
  </datafield>
  <datafield tag="520" ind1="3" ind2=" ">
   <subfield code="a">Nội dung tài liệu trình bày các kiến thức cơ bản về hệ phi tuyến và ngẫu nhiên như:  khái niệm, tuyến tính, động học các hệ phi tuyến, tuyến tính hoá điều hoà, tính ổn định, chất lượng, tổng hợp và hệ tuyến tính với tác động ngẫu nhiên</subfield>
  </datafield>
  <datafield tag="653" ind1=" " ind2=" ">
   <subfield code="a">Hệ ngẫu nhiên</subfield>
  </datafield>
  <datafield tag="655" ind1=" " ind2=" ">
   <subfield code="a">Công nghệ Kỹ thuật ô tô</subfield>
  </datafield>
  <datafield tag="942" ind1=" " ind2=" ">
   <subfield code="2">ddc</subfield>
   <subfield code="c">BK</subfield>
  </datafield>
  <datafield tag="952" ind1=" " ind2=" ">
   <subfield code="0">0</subfield>
   <subfield code="1">0</subfield>
   <subfield code="2">ddc</subfield>
   <subfield code="4">0</subfield>
   <subfield code="6">629_800000000000000_NG450_Q_3</subfield>
   <subfield code="7">0</subfield>
   <subfield code="9">2292</subfield>
   <subfield code="a">000001</subfield>
   <subfield code="b">000001</subfield>
   <subfield code="d">2017-10-26</subfield>
   <subfield code="o">629.8 Ng450/Q.3</subfield>
   <subfield code="p">MD.00002</subfield>
   <subfield code="r">2017-10-26</subfield>
   <subfield code="v">68000.00</subfield>
   <subfield code="w">2017-10-26</subfield>
   <subfield code="y">BK</subfield>
  </datafield>
  <datafield tag="952" ind1=" " ind2=" ">
   <subfield code="0">0</subfield>
   <subfield code="1">0</subfield>
   <subfield code="2">ddc</subfield>
   <subfield code="4">0</subfield>
   <subfield code="6">629_800000000000000_NG450_Q_3</subfield>
   <subfield code="7">0</subfield>
   <subfield code="9">2293</subfield>
   <subfield code="a">000001</subfield>
   <subfield code="b">000001</subfield>
   <subfield code="d">2017-10-26</subfield>
   <subfield code="o">629.8 Ng450/Q.3</subfield>
   <subfield code="p">MD.00003</subfield>
   <subfield code="r">2017-10-26</subfield>
   <subfield code="v">68000.00</subfield>
   <subfield code="w">2017-10-26</subfield>
   <subfield code="y">BK</subfield>
  </datafield>
  <datafield tag="952" ind1=" " ind2=" ">
   <subfield code="0">0</subfield>
   <subfield code="1">0</subfield>
   <subfield code="2">ddc</subfield>
   <subfield code="4">0</subfield>
   <subfield code="6">629_800000000000000_NG450_Q_3</subfield>
   <subfield code="7">0</subfield>
   <subfield code="9">2294</subfield>
   <subfield code="a">000001</subfield>
   <subfield code="b">000001</subfield>
   <subfield code="d">2017-10-26</subfield>
   <subfield code="o">629.8 Ng450/Q.3</subfield>
   <subfield code="p">MD.00004</subfield>
   <subfield code="r">2017-10-26</subfield>
   <subfield code="v">68000.00</subfield>
   <subfield code="w">2017-10-26</subfield>
   <subfield code="y">BK</subfield>
  </datafield>
  <datafield tag="980" ind1=" " ind2=" ">
   <subfield code="a">Thư viện Trường Đại học Nam Cần Thơ</subfield>
  </datafield>
 </record>
</collection>
